| 000 | 01475cam a22002535a 4500 | ||
|---|---|---|---|
| 001 | 1276 | ||
| 005 | 20230908160328.0 | ||
| 020 | _a071001003994 | ||
| 040 |
_aDLC _cDLC _beng |
||
| 050 | _aPS3553.L3914 | ||
| 082 | _aFic | ||
| 100 | 1 | _aCleary, Beverly. | |
| 245 | 1 | 0 |
_aBeezus and Ramona / _cBeverly Cleary, |
| 250 | _aReillustrated ed. | ||
| 260 |
_aNew York, NY : _bMorrow,William _c1955 |
||
| 300 |
_a159 pages : _bIllustrations ; _c20 cm |
||
| 490 | _aBeverly Cleary | ||
| 505 | _aR | ||
| 520 | _aNewbery Award winner Beverly Cleary delivers a humorous portrayal of the ups and downs of sisterhood. Both the younger and older siblings of the family will enjoy this book. Having a little sister like four-year-old Ramona isn't always easy for Beezus Quimby. With a wild imagination, disregard for order, and an appetite for chaos, Ramona makes it hard for Beezus to be the responsible older sister she knows she ought to be...especially when Ramona threatens to ruin Beezus's birthday party. Will Beezus find the patience to handle her little sister before Ramona turns her big day into a complete disaster? "An important reminder of the good that can come when you throw yourself fully into any situation and draw outside the lines," says Brightly in their article "12 Girls from Fiction Who Are Their Own Heroes." | ||
| 521 |
_a780
_bLexile |
||
| 521 |
_aR
_bRaz-Plus |
||
| 906 |
_a0 _bibc _corignew _d2 _eepcn _f20 _gy-gencatlg |
||
| 942 |
_2ddc _cBK _n0 |
||
| 999 |
_c1276 _d1276 |
||